Statistics for Guess the football player with a purple shirt

Click here to take the quiz!

General Stats

  • This quiz has been taken 47 times
  • The average score is 12 of 16

Answer Stats

Answer% Correct
Mohamed Salah
100%
Petr Čech
98%
Frank Ribery
95%
Casemiro
93%
Raphaël Varane
93%
Vincent Kompany
93%
David De Gea
91%
Joe Hart
91%
Nani
79%
Jan Vertonghen
74%
Youri Tielemans
70%
Simon Mignolet
67%
Sofyan Amrabat
65%
Federico Chiesa
58%
Gregor Kobel
53%
Albert Sambi Lokonga
12%

Score Distribution

Percentile by Number Answered

Percent of People with Each Score

Your Score History

You have not taken this quiz